Géographie: Mots-mêlé #2 - Statistiques

Statistiques générales
  • Ce quiz a été pris 444 fois
  • Le résultat moyen est 13 sur 16
Statistiques - réponses
Réponse % Correct
Saint-Marin
95%
Luxembourg
92%
Bahreïn
89%
Andorre
86%
Colombie
85%
Philippines
85%
Tonga
85%
France
82%
Guinée-Bissau
81%
Koweit
76%
Gambie
72%
Hongrie
71%
Nicaragua
69%
Arménie
66%
Rwanda
66%
Namibie
61%
Aucun quiz correspondant
Distribution des résultats
% des personnes avec chaque résultat
Percentile par nombre de réponses
Votre historique - résultats
Vous n’avez pas pris ce quiz